| 000 | 00750cam a2200193 4500 | ||
|---|---|---|---|
| 001 | WB3732-51 | ||
| 008 | 010822n2001 000 0 eng u | ||
| 035 | _a(Sirsi) u114272 | ||
| 245 | _aIoD attacks government transport plan | ||
| 260 | _c2001 | ||
| 490 |
_aInstitute of Directors' Press Release _v21 August 2001, (1) |
||
| 520 | _aA new report by the Institute of Directors (IoD) predicts that the government's 10-year Transport Plan will do little to ease road congestion in the UK. For a summary of "More roads and road pricing - the way to go?" visit: www.iod.com | ||
| 590 | _aWB | ||
| 650 | _aINSTITUTE OF DIRECTORS | ||
| 650 | _aROAD CONGESTION | ||
| 650 | _aTRANSPORT PLANS | ||
| 690 | _aTRANSPORT AND COMMUNICATIONS | ||
| 942 | _n0 | ||
| 999 |
_c68068 _d68068 |
||